000
00206nam a22000857a 4500
008
161208b xxu||||| |||| 00| 0 eng d
100
_9
1952
_a
Premchand
245
_a
Do Bailon ki katha
260
_a
Delhi
_b
SSP
_c
2006
999
_c
4746
_d
4746